000 00452nam a2200181 a 4500
001 1756711202436
003 ACL
005 20250901125221.0
008 250901s2007##################000#0#eng##
020 _a9781847244451
082 0 4 _a775
_bHAR
100 1 _aHarman, Doug,
_eauthor.
245 1 0 _aThe Digital Photography Handbook :
260 _bQuercus Books,
_c2007.
650 0 _aImage processing.
942 _cENGLISH
040 _aACL
_beng
_cACL
999 _c584824
_d584824